<?xml version="1.0" encoding="UTF-8"?>
<marc:record xmlns:marc="http://www.loc.gov/MARC21/slim">
   <marc:leader>00000nam a2200000 a 4500</marc:leader>
   <marc:datafield ind1="1" ind2=" " tag="100">
      <marc:subfield code="a">Hula, Saskia</marc:subfield>
      <marc:subfield code="4">aut</marc:subfield>
      <marc:subfield code="e">Verfasser/-in</marc:subfield>
   </marc:datafield>
   <marc:datafield ind1="1" ind2=" " tag="100">
      <marc:subfield code="a">Hattenauer, Ina</marc:subfield>
   </marc:datafield>
   <marc:datafield ind1=" " ind2=" " tag="653">
      <marc:subfield code="a">Kinderbuch</marc:subfield>
   </marc:datafield>
   <marc:datafield ind1="0" ind2="0" tag="245">
      <marc:subfield code="a">Die beste Bande der Welt</marc:subfield>
   </marc:datafield>
   <marc:datafield ind1="0" ind2="0" tag="245">
      <marc:subfield code="c">Saskia Hula</marc:subfield>
   </marc:datafield>
   <marc:datafield ind1=" " ind2="1" tag="264">
      <marc:subfield code="b">Residenz Verlag</marc:subfield>
      <marc:subfield code="c">2012</marc:subfield>
   </marc:datafield>
   <marc:datafield ind1=" " ind2=" " tag="250">
      <marc:subfield code="a">1</marc:subfield>
   </marc:datafield>
   <marc:datafield ind1="1" ind2=" " tag="520">
      <marc:subfield code="a">Eine Bande wie keine andere. Oskar passt nirgends dazu. Für die eine Bande braucht man zottige Haare. Für die andere einen gelben Regenmantel. Für die nächste Bande muss man furchtbar gefährlich sein. Oder überhaupt ein Mädchen. Es ist wie verhext. Da hat Oskar eine Idee: Er gründet mit sich allein die geheimste Bande der Welt. Komplett mit Geheimplatz, Geheimbaumhaus und Geheimparole. Natürlich bleibt das den anderen nicht verborgen, und nach und nach klopfen allerhand Geheimbandenanwärter an Oskars Geheimtür. Saskia Hula erzählt, wie es Kinder mögen und Erwachsene genießen: witzig, unkompliziert, direkt. Ina Hattenhauers Illustrationen verleihen der Geschichte vom schlauen Oskar ein weiteres Augenzwinkern.</marc:subfield>
   </marc:datafield>
   <marc:datafield ind1=" " ind2=" " tag="020">
      <marc:subfield code="a">9783701721078</marc:subfield>
      <marc:subfield code="9">9783701721078</marc:subfield>
   </marc:datafield>
   <marc:datafield ind1=" " ind2=" " tag="020">
      <marc:subfield code="a">3701721076</marc:subfield>
      <marc:subfield code="9">3701721076</marc:subfield>
   </marc:datafield>
   <marc:datafield ind1=" " ind2=" " tag="300">
      <marc:subfield code="a">40 S.</marc:subfield>
   </marc:datafield>
</marc:record>
